000
00289nam a2200133Ia 4500
100
_a
Zurada J.M.
942
_c
BK
654
_a
artificial
245
_a
Introduction to Artificial Neural system
260
_b
Jaico Pub
_c
2003
082
_a
4.65
_b
ZUR
300
_a
683
546
_a
ENGLISH
999
_c
32487
_d
32487